000 00457nam a2200169Ia 4500
008 240729s9999 xx 000 0 und d
022 _a2055-6659
245 0 _aJournal of Virus Eradication
260 _aUnited Kingdom
260 _bElsevier
650 _a Microbiology | Medicine
650 _a Public aspects of medicine
650 _aScience
856 _uhttps://doaj.org/toc/8e7be5f4b96d4c92bfdc3d0df59b1b6c
942 _2ddc
942 _cDOAJEJ
999 _c71900
_d71900
945 _a1
_bMadushi Gamage
_c1
_dMadushi Gamage